Loading...
| Current Events | 4 | 10.00 | 100% | 0% | 0% |
| Fine Arts - Classical Music | 8 | 12.50 | 100% | 25% | 0% |
| Fine Arts - Other Fine Arts | 10 | 11.00 | 90% | 20% | 0% |
| Fine Arts - Painting & Sculpture | 8 | 13.75 | 100% | 38% | 0% |
| Geography | 4 | 10.00 | 100% | 0% | 0% |
| History - American History | 5 | 16.00 | 100% | 60% | 0% |
| History - European History | 8 | 10.00 | 100% | 0% | 0% |
| History - Other History | 7 | 12.86 | 100% | 29% | 0% |
| History - World History | 7 | 12.86 | 100% | 29% | 0% |
| Literature - American Literature | 6 | 15.00 | 100% | 50% | 0% |
| Literature - British Literature | 11 | 12.73 | 91% | 36% | 0% |
| Literature - European Literature | 6 | 11.67 | 83% | 17% | 17% |
| Literature - World Literature | 11 | 15.45 | 100% | 55% | 0% |
| Mythology | 2 | 20.00 | 100% | 50% | 50% |
| Other Academic | 5 | 12.00 | 100% | 20% | 0% |
| Philosophy | 8 | 11.25 | 88% | 25% | 0% |
| Religion | 6 | 11.67 | 100% | 17% | 0% |
| Science - Biology | 6 | 11.67 | 83% | 33% | 0% |
| Science - Chemistry | 8 | 18.75 | 100% | 88% | 0% |
| Science - Other Science | 6 | 8.33 | 67% | 17% | 0% |
| Science - Physics | 9 | 12.22 | 89% | 22% | 11% |
| Social Science | 10 | 13.00 | 90% | 40% | 0% |